Estados que fazem divisa com a Bahia - Statistics

Estatísticas Gerais
  • Esse quiz foi jogado 127 vezes
    110 desde o último reset
  • A pontuação média é 7 de 8
Estatísticas das Respostas
Estado % Correto
Sergipe
98%
Minas Gerais
97%
Goiás
95%
Pernambuco
95%
Espírito Santo
94%
Alagoas
90%
Piauí
90%
Tocantins
90%
Nenhum quiz correspondente encontrado
Distribuição das Pontuações
Porcentagem de Pessoas com Cada Pontuação
Percentil de Números Respondidos
Sua Pontuação Histórica
Você não jogou esse quiz desde o último reset